000 00449nam a2200181Ia 4500
008 230524s9999 xx 000 0 und d
020 _a818814453
082 _aQA267
_bPAT
100 _aR.B. Patel
245 0 _aTheory of Automata and Formal Languages
250 _a2
260 _aNew Delhi
_bUmesh Publi.
_c2007
300 _a"XII,546p;"
500 _aQuantity Number: 1
650 _aComp-Sc
700 _aPrem Nath
_941981
942 _cBK
999 _c56396
_d56396